| 000 | 01254nam a2200229Ia 4500 | ||
|---|---|---|---|
| 001 | L200-52822 | ||
| 003 | IT-CnALBA | ||
| 008 | 170116s9999||||xx |||||||||||||| ||und|| | ||
| 040 |
_aIT-CnALBA _cIT-CnALBA |
||
| 041 | _aITALIANO | ||
| 100 | _aCRESPI PIETRO | ||
| 245 | 0 | _aGIOVANNI BATTISTA MONTINI. IL MAGISTERO SULLA VITA RELIGIOSA. 1955-1963. | |
| 250 | _a1a ed. | ||
| 260 |
_aCZ _bRUBBETTINO EDITORE. SOVERIA MANNELLI CZ' _c1998 [1° Ed.:1998 - Ed.Ling.Originale: 1998] |
||
| 300 | _a312 p. | ||
| 500 | _aPRESENTAZIONE DI BORZONATI P. NOTA PREVIA. INTRODUZIONE. I RELIGIOSI NELLA VITA DI G. B. MONTINI 1897 1920. LINEAMENTI STORICI. FAMIGLIA MONTINI. ANNI DI FORMAZIONE. LA LEZIONE DEI FILIPPINI DELLA PACE. GLI ANNI MILANESI. MAGISTERO MONTINIANO SULLA VITA R | ||
| 501 | _aSocietà San Paolo EM - Piazza San Paolo, 14 - 12051 ALBA (CN) (non commercial uses only) ® Copyright 2017 | ||
| 520 | _aPRESENTAZIONE DI BORZONATI P. NOTA PREVIA. INTRODUZIONE. I RELIGIOSI NELLA VITA DI G. B. MONTINI 1897 1920. LINEAMENTI STORICI. FAMIGLIA MONTINI. ANNI DI FORMAZIONE. LA LEZIONE DEI FILIPPINI DELLA PACE. GLI ANNI MILANESI. MAGISTERO MONTINIANO SULLA VITA R | ||
| 650 | _aRELIGIONE - RELIGIONE CRISTIANA | ||
| 942 | _cBK | ||
| 957 | _71 | ||
| 999 |
_a69426 _bNO _g Copie: 1 _c311699 _d311699 |
||